Evolución histórico-jurídica del condominio en el derecho romano
Guardat en:
| Autor principal: | |
|---|---|
| Format: | Llibre |
| Idioma: | espanyol |
| Publicat: |
Jaén
Universidad de Jaén
2003
|
| Edició: | 1a. ed |
| Matèries: | |
| Etiquetes: |
Afegir etiqueta
Sense etiquetes, Sigues el primer a etiquetar aquest registre!
|
MARC
| LEADER | 00000nam a2200000 a 4500 | ||
|---|---|---|---|
| 001 | UCL7081 | ||
| 003 | CL-VaPUC | ||
| 008 | 040430e20030000SP |||||||||||||||||spa|d | ||
| 020 | |a 8484391302 | ||
| 082 | 0 | 4 | |a 340.54 |b SAL |2 21 |
| 100 | 0 | |a Salazar Revuelta, María |e author |9 484841 | |
| 245 | 1 | 0 | |a Evolución histórico-jurídica del condominio en el derecho romano |
| 250 | |a 1a. ed | ||
| 300 | |a 216 p | ||
| 942 | |c BK | ||
| 945 | |d 20040430 00:00:00 |a cmena | ||
| 260 | |a Jaén |b Universidad de Jaén |c 2003 | ||
| 650 | 0 | |a Derecho romano |9 255930 | |
| 650 | 0 | |a Condominio |9 256711 | |
| 650 | 0 | |a Fuentes del derecho |9 255162 | |
| 650 | 0 | |a Patrimonio |9 257770 | |
| 583 | |a last modification |c 20040430 00:00:00 |k Rodrigo Vera | ||
| 999 | |c 308942 |d 308940 | ||
| 952 | |0 0 |1 0 |4 0 |6 340_540000000000000_SAL_2003 |7 0 |8 A |9 375942 |a BIBDER |b BIBDER |d 2019-11-21 |i 4009800 |o 340.54 SAL 2003 |p 4009800 |r 2023-01-25 |w 2019-11-21 |y BK |k DER | ||
| 952 | |0 0 |1 0 |4 0 |6 340_540000000000000_SAL_2003 |7 0 |8 DER_ROM |9 375943 |a BIBDER |b BIBDER |d 2019-11-21 |i 4452577 |o 340.54 SAL 2003 |p 4452577 |r 2023-01-25 |w 2019-11-21 |x Ubicación 4to piso |y BK |z Este recurso debe solicitarse con anticipación |k DER | ||